000 00543nam a2200157 4500
008 150729b xxu||||| |||| 00| 0 eng d
020 _a0321535788
050 _aQA 152.3 .A474 2008
100 _aAkst, Geofrey
_d2008
245 _aIntroductory and intermediate algebra through applications/
_cGeofrey Akst [and] Sadie Brag
250 _a2nd ed.
260 _aBoston.
_bPearson,
_c2008.
300 _axxii, ill.: 1016p.;
_bIncludes index
_c28cm.
650 _aMathematics-Textbooks
942 _2lcc
_cBOOKS
_hQA 152.3 .A474 2008
999 _c2724
_d2724